000 01191nam a22002777a 4500
005 20170124103046.0
008 161027b xxu||||| |||| 00| 0 eng d
010 _aA-592273
020 _c150.00
035 _aA-592273
037 _bCen Lib/Ret
040 _aDPL
_bHN
082 _a
_bलूशुन
100 _aलूशुन
_96954
245 _aलू शुन की रचनाएँ /
_cलूशुन ;अनुवादक कर्ण सिंह चौहान
246 _aLushun ki rachnayen
_bby Lu Shun ; anuvadak Karn singh Chouhan
260 _aनई दिल्ली
_bसाहित्य अकादमी
_c1992
270 _aरविन्द्र भवन 35, फिरोज़शाह मार्ग
_bनई दिल्ली
_e110001
300 _a323पृष्ठ.
_c21सेमी(सजिल्द)
650 _aहिंदी साहित्य
_968923
650 _aचाइना की कहानी
_91726
650 _aHindi literature
_968924
650 _aChina 's stor
_968925
700 _a चौहान, कर्ण सिंह
_968926
942 _2ddc
_cHN
_h
_mलूशुन
999 _c116908
_d116908